000 00566nam a2200193Ia 4500
005 20250508162116.0
008 008 250505s9999 xx 000 0 hin d
037 _aTextual
040 _aFEDL
_beng
_cFEDL
041 _ahin
_2eng
084 _a370.954, RAJ
_qFEDL
100 _aPrashad Rajendra
_9772326
245 0 _aBhartiya shiksha : Shiksha sambandhi vicharo ka mehatva sangrah
260 _aDelhi, India
_bAtma Ram Sons Sons
_c1960
300 _a96p.
650 _aEducation
942 _cTEXL
_h370.954, RAJ
999 _c1374432
_d1374432